| 000 | 00513nam a2200181Ia 4500 | ||
|---|---|---|---|
| 005 | 20250317123459.0 | ||
| 008 | 008 250317s9999 xx 000 0 eng d | ||
| 037 | _aTextbook | ||
| 040 |
_aFMSL _beng _cFMSL |
||
| 041 |
_aeng _2eng |
||
| 084 |
_aD658(B):(X:8) L3 _qFMSL |
||
| 100 |
_aMetzger P W _9735587 |
||
| 245 | 0 | _aManaging a programming project | |
| 260 |
_aNY _bNY, Prentice-Hall _c1973 |
||
| 300 | _a201p | ||
| 942 |
_cTB _hD658(B):(X:8) L3 |
||
| 999 |
_c1251434 _d1251434 |
||